000 00749nam a2200229Ia 4500
008 191130s2004##################000#0#eng##
020 _a9780521821636
022 _a2003046083
040 _aACL
_cACL
082 _a720.92 HVA
100 _aHvattum, Mari
245 _aGottfried Semper and the problem of historicism
_cMari Hvattum
260 _aCambridge
_bCambridge University Press
_c2004
300 _axiii, 274 p. : ill. ; 26 cm
500 _aIncludes bibliographical references (p. 253-267) and index
650 _aHistoricism
650 _aHistoricism in architecture
650 _aSemper, Gottfried, 1803-1879 - Criticism and interpretation
990 _a5a55dda9ac10000c3b463c71d6bf103f
991 _a302505
999 _c196931
_d196931